[Event "Mumbai Wealth op U13"]
[Site "Mumbai"]
[Date "2016.02.03"]
[Round "7"]
[White "Samyukta, Banthia"]
[Black "Mitank, Maru"]
[Result "1-0"]
[WhiteElo "1217"]
[BlackElo "1037"]
[PlyCount "41"]
[EventDate "2016.01.28"]
[EventType "swiss"]
[EventRounds "9"]
[EventCountry "IND"]
[SourceTitle "CBM 170 Extra"]
[Source "ChessBase"]
[SourceDate "2016.02.25"]
[SourceVersion "1"]
[SourceVersionDate "2016.02.25"]
[SourceQuality "1"]

1. e4 c5 2. Nc3 e6 3. f4 d5 4. Bb5+ Nc6 5. Nf3 Nge7 6. d3 a6 7. Bxc6+ Nxc6 8. 0-0 Be7 9. Bd2 0-0 10. Qe1 d4 11. Ne2 b5 12. b3 Bb7 13. Qg3 Kh8 14. Ng5 h6 15. Qh3 Bc8 16. Nf3 e5 17. f5 Bf6 18. Ne1 Rg8 19. Bxh6 g6 20. Bg5+ Kg7 21. Qh6# 1-0